000 00485nam a2200133 a 4500
008 120416s1973 ||||||||||||||||| || u
050 _aDT 434.E2 Ken
245 1 0 _aKenya
246 _aan official handbook
260 _aNairobi
_bEast African Publishing House
_c1973
300 _a208p. : ill.
350 _a0.00
995 _D0.00
_FCBU-MAIN LIBRARY (Kitwe)
_H1
_I7.00
_M1
_UAVAILABLE
_WSep 6, 2006
_ZMain Library Open Access Collection
999 _c48583
_d48583